| Tag |
First Indicator |
Second Indicator |
Subfields |
| LEADER |
00000cgm a22000003a 4500 |
| 001 |
in00003748607 |
| 006 |
m||||||||c|||||||| |
| 007 |
cr |n|---||a|a |
| 007 |
vz |zazu| |
| 008 |
121105s2010 cau107 s v|eng|d |
| 005 |
20260324193530.3 |
| 035 |
|
|
|a (OCoLC)827299782
|
| 035 |
|
|
|a ASP1827207/spex
|
| 040 |
|
|
|a VaAlASP
|c VaAlASP
|d UtOrBLW
|
| 050 |
|
4 |
|a RC1215
|b .T735 2010
|
| 245 |
0 |
0 |
|a Trainer's toolbox :
|b exercise complexity /
|c presented by Peter Twist.
|
| 264 |
|
1 |
|a Monterey, CA :
|b Healthy Learning,
|c 2010.
|
| 300 |
|
|
|a 1 online resource (107 min.).
|
| 336 |
|
|
|a two-dimensional moving image
|b tdi
|2 rdacontent
|
| 337 |
|
|
|a computer
|b c
|2 rdamedia
|
| 337 |
|
|
|a video
|b v
|2 rdamedia
|
| 338 |
|
|
|a online resource
|b cr
|2 rdacarrier
|
| 338 |
|
|
|a other
|b vz
|2 rdacarrier
|
| 490 |
0 |
|
|a Sports medicine and exercise science in video
|
| 500 |
|
|
|a Title from resource description page (viewed Nov. 7, 2012).
|
| 505 |
0 |
|
|a Introduction and Objectives -- Performance Gains -- Set-Up and Demonstrations -- Building Strength -- Balance and Stabilization -- Overview of Terminology and Equipment -- Single-Leg Strength -- Speed Drills -- Conclusion.
|
| 520 |
|
|
|a Trainer's Toolbox: Exercise Complexity provides an overview of a continuum of complex movements that integrates dynamic movement and balance with strength. The video features a cutting-edge workout that combines these conditioning elements, as well as others that improve the connectivity between the mind and muscle and has direct transferability to the playing field. The video details the comprehensive methodology to categorize and systematize exercise selection to make their client's workout programs challenging and exciting.
|
| 530 |
|
|
|a Previously released as DVD.
|
| 546 |
|
|
|a This edition in English.
|
| 500 |
|
|
|a Slide.
|
| 650 |
|
0 |
|a Equilibrium (Physiology)
|0 http://id.loc.gov/authorities/subjects/sh85044539
|
| 650 |
|
0 |
|a Exercise.
|0 http://id.loc.gov/authorities/subjects/sh85046328
|
| 650 |
|
0 |
|a Mind and body.
|0 http://id.loc.gov/authorities/subjects/sh85085488
|
| 650 |
|
0 |
|a Muscle strength.
|0 http://id.loc.gov/authorities/subjects/sh85088685
|
| 650 |
|
0 |
|a Physical education and training.
|0 http://id.loc.gov/authorities/subjects/sh85101517
|
| 650 |
|
0 |
|a Physical fitness.
|0 http://id.loc.gov/authorities/subjects/sh85101540
|
| 655 |
|
7 |
|a Internet videos.
|2 lcgft
|0 http://id.loc.gov/authorities/genreForms/gf2011026337
|
| 655 |
|
7 |
|a Nonfiction films.
|2 lcgft
|0 http://id.loc.gov/authorities/genreForms/gf2011026423
|
| 655 |
|
7 |
|a Educational films.
|2 lcgft
|0 http://id.loc.gov/authorities/genreForms/gf2011026219
|
| 700 |
1 |
|
|a Twist, Peter,
|d 1963-
|e author.
|0 http://id.loc.gov/authorities/names/n96032563
|
| 776 |
1 |
|
|c Original publisher catalog number
|o 827008008292
|
| 856 |
4 |
0 |
|u http://proxy.library.tamu.edu/login?url=https://www.aspresolver.com/aspresolver.asp?SPEX;1827207
|z Connect to this streaming video (Alexander Street Press)
|t 0
|
| 999 |
f |
f |
|s 7a881bd9-5999-3b12-b1cd-5e7786787947
|i 3ea60827-a1b9-3546-9f97-ea5456d436f6
|t 0
|
| 952 |
f |
f |
|a Texas A&M University
|b College Station
|c Electronic Resources
|s www_evans
|d Available Online
|t 0
|e RC1215 .T735 2010
|h Library of Congress classification
|
| 998 |
f |
f |
|a RC1215 .T735 2010
|t 0
|l Available Online
|